| 000 | 00879nam a22002897a 4500 | ||
|---|---|---|---|
| 001 | 7538 | ||
| 003 | FISKH | ||
| 005 | 20250723145318.0 | ||
| 008 | 250723b cb ||||| |||| 00| 0 eng d | ||
| 020 | _a9780140505313 | ||
| 040 |
_aFISKH _beng _cFISKH _dFISKH |
||
| 050 | _aPZ8.D637 H | ||
| 082 | _a 823.914 | ||
| 100 |
_aDodd, Lynley _d(1941-) |
||
| 245 |
_aHairy Maclary from Donaldson's dairy / _cLynley Dodd |
||
| 250 | _aThis edition first published in 1985 | ||
| 260 |
_aNew York : _bPuffin Book, _c1983 |
||
| 300 |
_a30 unnumbered pages : _bcolor illustrations ; _c18 x 23 cm |
||
| 505 | _aR | ||
| 520 | _aA small black dog and his canine friends are terrorized by the local tomcat. | ||
| 521 | 8 |
_a690
_bLexile |
|
| 521 | 8 |
_aR
_bRaz-Plus |
|
| 650 |
_2Picture book _aRepetition |
||
| 650 |
_2Rhyming _a New Zealand |
||
| 942 |
_2ddc _cBK _n0 |
||
| 999 |
_c7538 _d7538 |
||